000 00372nam a2200133Ia 4500
005 20251222153622.0
008 251222s9999||||xx |||||||||||||| ||spa||
082 _a338.098.5/G39
100 _aGhezzi Solís, Piero
245 0 _aLogros y Desafíos de la Diversificación Productiva en el Perú
250 _a1ra. ed.
264 _bMinisterio de Producción
942 _cLIB
999 _c32025
_d32025